| 000 | 02041nam a22002657a 4500 | ||
|---|---|---|---|
| 001 | 8321 | ||
| 003 | FISKH | ||
| 005 | 20250909094222.0 | ||
| 008 | 250909b cb ||||| |||| 00| 0 eng d | ||
| 020 | _a9789996347467 | ||
| 040 |
_aFISKH _bkhr _cFISKH _dFISKH |
||
| 050 | _aPZ7 | ||
| 082 | _a495.916 | ||
| 100 | _aAnonymous | ||
| 245 |
_aពាក្យអង់គ្លេសដំបូងរបស់ខ្ញុំ : _cAnimals words / |
||
| 260 |
_aPhnom Penh : _bMind Books, _c2020. |
||
| 300 |
_a18 pages : _bcolor illustrations ; _c20 cm |
||
| 505 | _aNP | ||
| 520 | _aសៀវភៅខ្មែរ–អង់គ្លេសនេះបានរៀបចំសម្រាប់កុមារកំពុងចាប់ផ្តើមរៀនភាសាថ្មី។ វាបង្ហាញពី ពាក្យមូលដ្ឋាន លេខ ពណ៌ សត្វ និងវត្ថុប្រចាំថ្ងៃ ជាទាំងខ្មែរ និងអង់គ្លេស ជាមួយ រូបភាព ដើម្បីឲ្យកុមាររៀនបានងាយស្រួល និងរីករាយ។ សៀវភៅនេះក៏បង្រៀន វាក្យបញ្ជា និងស្វាគមន៍តូចៗ ជួយកុមារកែលម្អជំនាញ អាន និយាយ និងទទួលស្គាល់ពាក្យ ចាប់ផ្តើមពីដើម។ | ||
| 520 | _aThis bilingual Khmer–English book is designed for young children who are beginning to learn a new language. It introduces basic vocabulary, numbers, colors, animals, and everyday objects in both Khmer and English, often accompanied by illustrations to make learning engaging and easy to understand. The book also teaches simple phrases and greetings, helping children develop early reading, speaking, and recognition skills in both languages. | ||
| 650 | _aពាក្យ | ||
| 650 | _aLearning | ||
| 942 |
_2ddc _cKHB _n0 |
||
| 999 |
_c8321 _d8321 |
||